[Event "AUT-chT2S 9697"]
[Site "Austria"]
[Date "1996.??.??"]
[Round "5"]
[White "Fassl, Erich"]
[Black "Groszpeter, Attila"]
[Result "0-1"]
[WhiteElo "2220"]
[BlackElo "2545"]

1.d4 Nf6 2.c4 g6 3.Nc3 Bg7 4.e4 d6 5.Nf3 O-O 6.Be2 e5 7.O-O Nc6 8.d5 Ne7
9.Nd2 a5 10.a3 Bd7 11.b3 c6 12.Rb1 b5 13.dxc6 b4 14.c7 Qxc7 15.Nd5 Nexd5
16.cxd5 Bh6 17.Bd3 Rfc8 18.Qe2 Qc5 19.Nc4 Bxc1 20.axb4 Qxb4 21.Rfxc1 Bb5
22.Nd2 Bxd3 23.Qxd3 Nd7 24.Rc4 Rxc4 25.Nxc4 Rc8 26.f3 a4 27.Nxd6 Rc3 28.Qb5 Qd4+
29.Kh1 Rxb3 30.Qf1 Rxb1 31.Qxb1 a3 32.Nb5 a2  0-1

[Event "AUT-chT9697"]
[Site "Austria"]
[Date "1996.??.??"]
[Round "6"]
[White "Ebner, Hubert"]
[Black "Steiner, Peter"]
[Result "1-0"]
[WhiteElo "2265"]
[BlackElo "2170"]

1.Nf3 Nf6 2.c4 g6 3.Nc3 Bg7 4.e4 d6 5.d4 O-O 6.Be2 e5 7.O-O Nc6 8.d5 Ne7
9.b4 Nh5 10.Re1 h6 11.c5 f5 12.Nd2 Nf4 13.Bf1 g5 14.cxd6 cxd6 15.Nc4 Kh8
16.b5 Rf6 17.Ba3 Bf8 18.Rc1 g4 19.Ne3 Rg6 20.Qc2 Nh3+ 21.gxh3 gxh3+ 22.Kh1 f4
23.Nf5 Nxf5 24.exf5 Rg2 25.Bxg2 hxg2+ 26.Kg1 Qg5 27.f3 Bxf5 28.Qxg2 Qh5 29.Ne4 Be7
30.Kh1 Rg8 31.Qe2 Bh3 32.Rg1  1-0

[Event "AUT-chT2S 9697"]
[Site "Austria"]
[Date "1996.??.??"]
[Round "7"]
[White "Emberger, Juergen"]
[Black "Kotz, Heinz Peter"]
[Result "1/2-1/2"]
[WhiteElo "2040"]
[BlackElo "2275"]

1.d4 Nf6 2.c4 g6 3.Nc3 Bg7 4.e4 d6 5.Nf3 O-O 6.Be2 e5 7.O-O Nc6 8.d5 Ne7
9.b4 a5 10.bxa5 Rxa5 11.Nd2 Nd7 12.Nb3 Ra8 13.Be3 b6 14.a4 f5 15.f3 Nc5 16.a5 Bd7
17.axb6 Rxa1 18.Nxa1 cxb6 19.Qc2 Nc8 20.Nb3 Qh4 21.Nxc5 bxc5 22.Rb1 g5 23.exf5 Bxf5
24.Bd3 Bd7 25.Bf2 Qh6 26.Rb7 Rf7 27.Ne4 g4 28.Qd2 Qxd2 29.Nxd2 gxf3 30.Nxf3  1/2-1/2

[Event "AUT-chT9596"]
[Site "?"]
[Date "1996.??.??"]
[Round "?"]
[White "Bawart, Markus"]
[Black "Baumegger, Siegfried"]
[Result "0-1"]
[WhiteElo "2265"]
[BlackElo "2265"]

1.d4 Nf6 2.c4 g6 3.Nc3 Bg7 4.e4 d6 5.Be2 O-O 6.Nf3 e5 7.O-O Nc6 8.d5 Ne7
9.Nd2 Ne8 10.Rb1 f5 11.b4 c6 12.c5 cxd5 13.Nxd5 Nxd5 14.exd5 Kh8 15.Nc4 Bd7
16.Ba3 b5 17.Na5 a6 18.c6 Bc8 19.Rb3 Nf6 20.f4 Qb6+ 21.Kh1 Ne4 22.Qe1 exf4
23.Rxf4 Qd4 24.Rd3 Qe5 25.Bc1 Ra7 26.Rf1 Re7 27.Bf3 Rfe8 28.Bxe4 fxe4 29.Bf4 Qxf4  0-1

[Event "AUT-chT9596"]
[Site "?"]
[Date "1996.??.??"]
[Round "?"]
[White "Plachetka, Jan"]
[Black "Schneider, Attila"]
[Result "1/2-1/2"]
[WhiteElo "2440"]
[BlackElo "2380"]

1.d4 Nf6 2.Nf3 g6 3.c4 Bg7 4.Nc3 O-O 5.e4 d6 6.Be2 e5 7.O-O Nc6 8.d5 Ne7
9.b4 Nh5 10.Re1 h6 11.Bf1 f5 12.exf5 Nxf5 13.Ne4 Nf6 14.Bd3 Nxe4 15.Bxe4 g5
16.h3 Qf6 17.Re2 Ne7 18.Nh2 Ng6 19.Qd3 Nf4 20.Bxf4 gxf4 21.Rc1 a5 22.a3 axb4
23.axb4 b6 24.Nf3 Ra4 25.Rb1 Bd7 26.Reb2 Qe7 27.Nd2 Bf6 28.Qf3 Qg7 29.Kh2 Be7
30.Bc2 Raa8 31.Ne4 Bf5 32.Nc3 Bd7 33.Nb5 Bd8 34.Be4 Kh8 35.Rb3 Ra2 36.Ra3 Rd2
37.Rd1 Rb2 38.Rb3 Ra2 39.Rdb1 Bxb5 40.cxb5 Bh4 41.R3b2 Rxb2 42.Rxb2 Ra8 43.Bb1 Bd8
44.Qe4 Qf7 45.Rb3 h5 46.Qf3 Bg5 47.Rc3 Kg7 48.Qe4 Rh8 49.Ra3 Rh6 50.Ra7 Bd8
51.Qf3 Bh4 52.Kg1 Qd7 53.Be4 Rh8 54.Qc3 Bd8 55.Qd3 Qf7 56.Kf1 Kh6 57.Qc4 Qd7
58.Qc6 Qe7 59.Qc1 Qd7 60.Qc6 Qe7 61.Ra3 Rf8 62.Rc3 Qe8 63.Qc4 Qd7 64.Ke2 Rf7
65.Kd1 Bh4 66.Qe2 Rg7 67.Ra3 Bd8 68.Ra8 Rg8 69.Ke1 Rf8 70.Kf1 Be7 71.Ra7 Bd8
72.Kg1 Rg8 73.Kf1 Rf8 74.Qc4 Rf7 75.Qc6 Qe7 76.Ra8 Rf8 77.Kg1 Kg7 78.Qc4 Kh6
79.Kh2 Qd7 80.Bd3 Qg7 81.Be4 Qd7 82.Ra3 Bh4 83.Qe2 Qg7 84.Ra7 Bd8  1/2-1/2

[Event "AUT-chT9596"]
[Site "?"]
[Date "1996.??.??"]
[Round "?"]
[White "Pierecker, Markus"]
[Black "Cigan, Stefan"]
[Result "1/2-1/2"]
[WhiteElo "2250"]
[BlackElo "2370"]

1.d4 Nf6 2.Nf3 g6 3.c4 Bg7 4.Nc3 O-O 5.e4 d6 6.Be2 e5 7.O-O Nc6 8.d5 Ne7
9.Ne1 Ne8 10.Nd3 f5 11.Bd2 Nf6 12.f3 h5 13.Rc1 c5 14.dxc6 Nxc6 15.Be3 fxe4
16.Nxe4 Nxe4 17.fxe4 Be6 18.Rxf8+ Qxf8 19.Qd2 Qe7  1/2-1/2

[Event "AUT-chT9596"]
[Site "?"]
[Date "1996.??.??"]
[Round "?"]
[White "Herndl, Harald"]
[Black "Cigan, Stefan"]
[Result "1/2-1/2"]
[WhiteElo "2335"]
[BlackElo "2370"]

1.d4 Nf6 2.c4 g6 3.Nc3 Bg7 4.e4 d6 5.Nf3 O-O 6.Be2 e5 7.O-O Nc6 8.d5 Ne7
9.b4 a5 10.bxa5 Rxa5 11.a4 c5 12.dxc6 bxc6 13.Bd2 Ra8 14.c5 d5 15.exd5 Nfxd5
16.Bc4 Be6 17.Ne4 h6 18.Nd6 Nf5 19.Nxf5 Bxf5 20.Rc1 e4 21.Ne1 Nc3 22.Bxc3 Qxd1
23.Rxd1 Bxc3 24.Nc2 Ra5 25.Ne3 Rxc5 26.h3 Kg7 27.Nxf5+ Rxf5 28.Rd7 Ra8 29.Rc1 Be5
30.Bb3 Rb8 31.Bc2 Rb2 32.Bxe4 Rfxf2 33.Bxc6 Rfc2 34.Rxc2 Rxc2 35.Bb5 Bg3
36.Rd1 Ra2 37.Rf1 f5 38.Rc1 h5 39.Kf1 Rf2+ 40.Kg1 Ra2 41.Kf1 Rf2+ 42.Kg1 Ra2  1/2-1/2

[Event "AUT-chT9596"]
[Site "?"]
[Date "1996.??.??"]
[Round "?"]
[White "Baumegger, Siegfried"]
[Black "Schlosser, Michael"]
[Result "0-1"]
[WhiteElo "2265"]
[BlackElo "2380"]

1.d4 Nf6 2.c4 g6 3.Nc3 Bg7 4.e4 d6 5.Nf3 O-O 6.Be2 e5 7.O-O Nc6 8.d5 Ne7
9.Ne1 Nd7 10.f3 f5 11.g4 Nf6 12.Nd3 c5 13.Rb1 a6 14.b4 b6 15.a4 a5 16.bxc5 bxc5
17.Nf2 h6 18.h4 Kh7 19.Kg2 Neg8 20.Rh1 fxg4 21.fxg4 Ne8 22.Be3 Bh8 23.g5 h5
24.Bxh5 gxh5 25.Qxh5+ Kg7 26.Rhf1 Qd7 27.g6 Ngf6 28.Qg5 Ng4 29.Nxg4 Qxg4+
30.Qxg4 Bxg4 31.Rb7+ Kg8 32.Rff7 Bg7 33.Bg5 Bh5 34.Rfd7 Bxg6 35.Kg3 Bh5 36.Nb5 Rf3+
37.Kg2 Rf7 38.Rxf7 Bxf7 39.Be7 Bf8 40.Bxf8 Kxf8 41.Rd7 Bg6 42.Kf3 Bxe4+ 43.Ke3 Bf5
44.Rb7 Bg4 45.Rh7 Kg8 46.Rb7 Rd8 47.Ra7 Ng7 48.Rxa5 Nf5+ 49.Ke4 Rf8 50.Kd3 Bf3
51.Ra6 e4+ 52.Kc3 e3 53.Nxd6 Nd4 54.Rb6 Bd1  0-1

[Event "AUT-chT2S 9596"]
[Site "AUT"]
[Date "1996.??.??"]
[Round "?"]
[White "Fassl, Erich"]
[Black "Deutsch, Ludwig"]
[Result "1-0"]
[WhiteElo "2250"]
[BlackElo "2225"]

1.d4 Nf6 2.c4 g6 3.Nc3 Bg7 4.Nf3 d6 5.e4 O-O 6.Be2 Nc6 7.O-O e5 8.d5 Ne7
9.Nd2 Nd7 10.b4 f5 11.c5 a5 12.cxd6 cxd6 13.bxa5 Qxa5 14.Nb5 Nf6 15.Nxd6 fxe4
16.N2xe4 Nfxd5 17.Bc4 Kh8 18.Qb3 Nf6 19.Ng5 h6 20.Ndf7+ Rxf7 21.Nxf7+ Kh7
22.Nd6 Bd7 23.Be3 Bc6 24.Nxb7 Qc7 25.Nc5 Nf5 26.Ne6 Qd7 27.Rfd1 Nd4 28.Nxd4 Ba4
29.Ne6 Bxb3 30.Rxd7 Bxc4 31.Rxg7+ Kh8 32.Rxg6  1-0

[Event "AUT-chT2S 9596"]
[Site "AUT"]
[Date "1996.??.??"]
[Round "?"]
[White "Weiss, Leo"]
[Black "Kotz, Heinz Peter"]
[Result "0-1"]
[WhiteElo "2225"]
[BlackElo "2275"]

1.d4 Nf6 2.Nf3 g6 3.c4 Bg7 4.Nc3 O-O 5.e4 d6 6.Be2 e5 7.O-O Nc6 8.d5 Ne7
9.Ne1 Nd7 10.Nd3 f5 11.f3 Nf6 12.c5 f4 13.Bd2 g5 14.Rc1 Ng6 15.Nb5 Rf7 16.Qc2 a6
17.Na3 g4 18.Be1 g3 19.hxg3 fxg3 20.Bxg3 Bh6 21.Rcd1 Rg7 22.Bf2 Nf4 23.g4 Nxg4
24.fxg4 Nxe2+ 25.Kh2 Bxg4 26.Rg1 Qg5  0-1

[Event "AUT-ch"]
[Site "AUT"]
[Date "1996.??.??"]
[Round "7"]
[White "Wohlmann, Erich"]
[Black "Loebler, Heimo"]
[Result "1-0"]
[WhiteElo "2210"]
[BlackElo "2275"]

1.d4 Nf6 2.c4 g6 3.Nc3 Bg7 4.e4 d6 5.Be2 O-O 6.Nf3 e5 7.O-O Nc6 8.d5 Ne7
9.Ne1 Nd7 10.f3 f5 11.g4 Kh8 12.Kg2 Ng8 13.g5 f4 14.h4 Rf7 15.Rh1 Bf8 16.Nd3 h6
17.Qg1 Kg7 18.Kf1 hxg5 19.hxg5 Be7 20.Nb5 a6 21.Nd4 exd4 22.Nxf4 Ne5 23.Qg3 d3
24.Nxd3 Nxd3 25.Bxd3 c6 26.Bd2 Kf8 27.Ke2 cxd5 28.cxd5 Bd7 29.Rh8 Rc8 30.Rah1 Qb6
31.R1h7 Qxb2 32.Rxf7+ Kxf7 33.Qf4+ Kg7 34.Qh2 Kf8 35.Qf4+ Kg7 36.Qh2 Bxg5
37.Rh7+ Kf8 38.Qxd6+ Ne7 39.f4 Bg4+ 40.Ke3 Bf6 41.e5 Qb6+ 42.Qxb6 Nxd5+ 43.Kf2 Nxb6
44.exf6 Nd5 45.Bxg6 Nxf6 46.Rf7+  1-0

[Event "AUT-ch"]
[Site "AUT"]
[Date "1996.??.??"]
[Round "9"]
[White "Wohlmann, Erich"]
[Black "Postl, Anton"]
[Result "0-1"]
[WhiteElo "2210"]
[BlackElo "2300"]

1.d4 Nf6 2.c4 g6 3.Nc3 Bg7 4.e4 d6 5.Be2 O-O 6.Nf3 e5 7.O-O Nc6 8.d5 Ne7
9.Ne1 Nd7 10.f3 f5 11.Be3 f4 12.Bf2 g5 13.b4 Ng6 14.c5 Nf6 15.cxd6 cxd6 16.Rc1 Rf7
17.a4 Bf8 18.a5 Bd7 19.Nc2 h5 20.Na3 g4 21.Ncb5 g3 22.Bxa7 gxh2+ 23.Kh1 Rxa7
24.Nxa7 h4 25.Rf2 Nh5 26.Bf1 Ng3+ 27.Kxh2 h3 28.gxh3 Rh7 29.Kg1 Qg5 30.Rg2 Rxh3
31.Kf2 Qh4 32.Bb5 Nxe4+ 33.Ke2 Bg4 34.Qf1 Rxf3 35.Rxg4 Re3+ 36.Kd1 Qxg4+
37.Kc2 Rxa3 38.Qg1 Rg3 39.Qd1 Rc3+ 40.Kb2 Qg2+ 41.Qe2 f3  0-1

[Event "Wch Seniors"]
[Site "Bad Liebenzell"]
[Date "1996.??.??"]
[Round "6"]
[White "Groenegress, Wilfried"]
[Black "Luboshitz, Alexander"]
[Result "0-1"]
[WhiteElo "2200"]
[BlackElo "2140"]

1.e4 g6 2.d4 Bg7 3.c4 d6 4.Nc3 Nf6 5.Nf3 O-O 6.Be2 e5 7.O-O Nc6 8.d5 Ne7
9.Ne1 Nd7 10.f3 f5 11.Be3 f4 12.Bf2 g5 13.Nd3 h5 14.c5 Nf6 15.Rc1 Ng6 16.cxd6 cxd6
17.Nb5 Rf7 18.Qb3 g4 19.Nxa7 Bd7 20.Qb6 Qf8 21.Rc7 g3 22.hxg3 fxg3 23.Bxg3 h4
24.Bf2 Bh6 25.Nb5 Bxb5 26.Rxf7 Qxf7 27.Qxb5 Rxa2 28.Qc4 Ra8 29.Bb6 Nh5 30.Re1 Ngf4
31.Bf1 Qg6 32.Be3 Qg3 33.Nf2 h3 34.Ng4 h2+ 35.Kh1 Qxe1 36.Nxh6+ Kh7 37.Bxf4 Nxf4
38.Qc7+ Kxh6 39.Qxd6+ Ng6  0-1

[Event "Bad Woerishofen op"]
[Site "Bad Woerishofen"]
[Date "1996.??.??"]
[Round "3"]
[White "Mantzouneas, Nikolaos"]
[Black "Heedt, Thorsten"]
[Result "0-1"]
[WhiteElo "2025"]
[BlackElo "2230"]

1.d4 Nf6 2.Nf3 g6 3.c4 Bg7 4.Nc3 d6 5.e4 O-O 6.Be2 e5 7.O-O Nc6 8.d5 Ne7
9.b4 a5 10.Rb1 Nd7 11.Ne1 f5 12.f3 axb4 13.Rxb4 Nc5 14.Be3 f4 15.Bf2 g5 16.g4 fxg3
17.hxg3 Bh3 18.Ng2 b6 19.Kh2 Bd7 20.Qd2 Ng6 21.Be3 Bf6 22.Rh1 h6 23.Kg1 Bg7
24.Nb5 Rf7 25.Nc3 Qe7 26.Rb1 Raf8 27.Rf1 Rf6 28.Ne1 Qf7 29.Kg2 Nf4+ 30.gxf4 gxf4
31.Bxc5 Qg6+  0-1

[Event "Bad Woerishofen op"]
[Site "Bad Woerishofen"]
[Date "1996.??.??"]
[Round "8"]
[White "Wells, Peter K"]
[Black "Forster, Richard"]
[Result "1-0"]
[WhiteElo "2495"]
[BlackElo "2335"]

1.d4 Nf6 2.c4 g6 3.Nc3 Bg7 4.e4 d6 5.Be2 O-O 6.Nf3 e5 7.O-O Nc6 8.d5 Ne7
9.Ne1 Nd7 10.Be3 f5 11.f3 f4 12.Bf2 g5 13.a4 Rf6 14.Nb5 b6 15.a5 a6 16.axb6 cxb6
17.b4 Bb7 18.Nc3 Qe8 19.c5 Bc8 20.Nb5 bxc5 21.bxc5 Nxc5 22.Bxc5 Qh5 23.Nxd6 Rh6
24.Bc4 Qxh2+ 25.Kf2 Bh3 26.Nb7 g4 27.d6+ Kh8 28.dxe7 g3+ 29.Ke2  1-0

[Event "AZE-ch"]
[Site "Baku"]
[Date "1996.??.??"]
[Round "?"]
[White "Guseinov, Aidyn"]
[Black "Zulfugarli, Magomed"]
[Result "1-0"]
[WhiteElo "2430"]
[BlackElo "2325"]

1.d4 Nf6 2.c4 g6 3.Nc3 Bg7 4.e4 O-O 5.Nf3 d6 6.Be2 e5 7.O-O Nc6 8.d5 Ne7
9.b4 Nh5 10.c5 Nf4 11.Bxf4 exf4 12.Rc1 h6 13.Nd4 a5 14.a3 g5 15.Bh5 axb4
16.axb4 c6 17.Nb3 dxc5 18.bxc5 Ra3 19.d6 Ng6 20.Bxg6 fxg6 21.Qd3 f3 22.g3 Qd7
23.Nd2 Qg4 24.Rfe1 Be5 25.Nc4 Rxc3 26.Rxc3 Qh3 27.Ne3 Rf4 28.Qf1 Bxc3 29.Qc4+ Be6
30.Qxc3 Rxe4 31.Qb2 Bc4 32.Qd2 Bd5 33.Rb1 Rxe3 34.fxe3 Qf5 35.Rf1 Qe4 36.Kf2 g4
37.Ra1 Qf5 38.Qb2 Qc8 39.Qf6 Be4 40.Qe7  1-0

[Event "AZE-ch"]
[Site "Baku"]
[Date "1996.??.??"]
[Round "?"]
[White "Bagirov, Rufat"]
[Black "Zulfugarli, Magomed"]
[Result "1/2-1/2"]
[WhiteElo "2305"]
[BlackElo "2325"]

1.d4 Nf6 2.c4 g6 3.Nc3 Bg7 4.e4 d6 5.Be2 O-O 6.Nf3 e5 7.O-O Nc6 8.d5 Ne7
9.Ne1 Ne8 10.f3 Kh8 11.Be3 f5 12.g4 Ng8 13.Ng2 f4 14.Bf2 Bf6 15.h4 Be7 16.b4 a5
17.a3 Nh6 18.Qd3 Nf7 19.c5 h5 20.Nb5 hxg4 21.fxg4 Nh6 22.g5 Ng4 23.Rac1 axb4
24.axb4 Ra2 25.Be1 dxc5 26.bxc5 c6 27.Qd1 Rxe2 28.Qxe2 cxd5 29.Qd3 Be6 30.Bb4 dxe4
31.Qxe4 Qd5 32.Nd6 Qxe4 33.Nxe4 f3 34.Ne1 Rf4 35.c6 Rxe4 36.Bxe7 bxc6 37.Rxf3 Ng7
38.Bf6 Nxf6 39.gxf6 Nf5 40.Nd3 Bd5 41.Ra1  1/2-1/2

[Event "Bardejov"]
[Site "Bardejov"]
[Date "1996.??.??"]
[Round "?"]
[White "Ostrowski, Leszek"]
[Black "Balogh, Tomas"]
[Result "0-1"]
[WhiteElo "2355"]
[BlackElo "2330"]

1.Nf3 Nf6 2.d4 g6 3.c4 Bg7 4.Nc3 O-O 5.e4 d6 6.Be2 e5 7.O-O Nc6 8.d5 Ne7
9.b4 Nd7 10.a4 f5 11.Ng5 Nf6 12.Bf3 h6 13.Ne6 Bxe6 14.dxe6 c6 15.Bb2 fxe4
16.Nxe4 Nxe4 17.Bxe4 Rf6 18.Qd3 Rxe6 19.Rad1 Qf8 20.b5 Rd8 21.g3 g5 22.Rd2 Rd7
23.Rfd1 c5 24.Qe2 Qf7 25.Qg4 Kf8 26.Rd3 Ke8 27.R1d2 h5 28.Qd1 g4 29.f3 Rh6
30.fxg4 Qxc4 31.Qf3 Rf6 32.Qg2 Bh6 33.Rd1 hxg4 34.Bxb7 d5 35.Bxe5 Rf5 36.Bb2 Rxb7
37.Qe2 Qe4 38.Qxe4 dxe4 39.Rd8+ Kf7 40.R8d7 Be3+ 41.Kh1 Rxd7 42.Rxd7 Rf1+
43.Kg2 Rg1+  0-1

[Event "Regionalliga SO9596"]
[Site "Bayern"]
[Date "1996.??.??"]
[Round "?"]
[White "Schnabel, Hans"]
[Black "Schmidbauer, Franz"]
[Result "0-1"]
[WhiteElo "1965"]
[BlackElo "1900"]

1.d4 Nf6 2.c4 g6 3.Nc3 Bg7 4.e4 d6 5.Nf3 O-O 6.Be2 e5 7.O-O Nc6 8.d5 Ne7
9.Ne1 Nd7 10.Nd3 f5 11.f3 Nf6 12.b4 f4 13.c5 g5 14.Ba3 Rf7 15.Rc1 Bf8 16.cxd6 cxd6
17.b5 Ng6 18.Na4 h5 19.Qb3 Bd7 20.Ndb2 g4 21.Nc4 gxf3 22.Bxf3 Bg4 23.Rf2 Rg7
24.Rfc2 Nh4 25.Bxg4 hxg4 26.Qd3 Nh5 27.b6 g3 28.h3 f3 29.Bxd6 Bxd6 30.Nxd6 Qxd6
31.Rc8+ Rxc8 32.Rxc8+ Kh7 33.bxa7 Qb4 34.Qc3 Qxa4  0-1

[Event "Regionalliga SO9596"]
[Site "Bayern"]
[Date "1996.??.??"]
[Round "?"]
[White "Martin, Johann"]
[Black "Kalwa, Johannes"]
[Result "0-1"]
[WhiteElo "1855"]
[BlackElo "1905"]

1.d4 Nf6 2.c4 g6 3.Nc3 Bg7 4.e4 d6 5.Nf3 O-O 6.Be2 e5 7.O-O Nc6 8.d5 Ne7
9.Nd2 a5 10.a3 Nd7 11.Rb1 f5 12.b4 b6 13.f3 Nf6 14.Qc2 f4 15.c5 h5 16.cxd6 cxd6
17.Nb5 Ne8 18.Bb2 g5 19.Rfc1 Bd7 20.a4 Rf6 21.Qb3 Rg6 22.Rc2 Kh7 23.Rbc1 Ng8
24.Nc7 Nxc7 25.Rxc7 g4 26.Bb5 Bc8 27.Qc4 gxf3 28.Nxf3 Bg4 29.Rf1 Nf6 30.bxa5 bxa5
31.Bc1 Bxf3 32.Rxf3 Nxe4 33.Rxg7+ Kxg7 34.Qxe4 Qc8 35.Bc6 Rb8 36.Rf1 Qg4
37.Kh1 Rb1 38.Bb5 Rb4  0-1

[Event "Regionalliga SO9697"]
[Site "Bayern"]
[Date "1996.??.??"]
[Round "?"]
[White "Ager, Josef"]
[Black "Brestan, Peter"]
[Result "1/2-1/2"]
[WhiteElo "2235"]
[BlackElo "2045"]

1.d4 Nf6 2.c4 g6 3.Nc3 Bg7 4.e4 O-O 5.Nf3 d6 6.Be2 e5 7.O-O Nc6 8.d5 Ne7
9.Ne1 Nd7 10.Be3 f5 11.f3 f4 12.Bf2 g5 13.Nd3 Nf6 14.c5 Ng6 15.Rc1 Rf7 16.cxd6 cxd6
17.g4 fxg3 18.hxg3 Bf8 19.Kg2 h5 20.Rh1 Rh7 21.Be3 Ne8 22.Qd2 Be7 23.a4 Bf6
24.Nb5 a6 25.Na3 h4 26.g4 Nf4+ 27.Kh2 Bd7 28.Nc4 Rb8 29.Nb6 Qe7 30.Rc2 Qf8
31.Rhc1 Bd8 32.Nxd7 Rxd7 33.Bd1 Nf6 34.Nf2 Qf7 35.a5 Kg7 36.Rc8 Rxc8 37.Rxc8 Qe7
38.Bb6 Bxb6 39.axb6 Rd8 40.Rc7 Rd7 41.Qc3 Ne8 42.Rc8 Rd8 43.Ba4 Ne2 44.Qc4 Qf6
45.Kg2 Nd4 46.Rxd8 Qxd8 47.Bxe8 Qxe8 48.Qc7+ Qf7 49.Nd3 Kg8 50.Qxf7+ Kxf7
51.Nb4 Ke7 52.Nc6+ Kd7 53.Na5 Kc8 54.Nc4 Kd7 55.Na5 Kc8 56.Nc4 Kd7  1/2-1/2

[Event "Regionalliga SO9596"]
[Site "Bayern"]
[Date "1996.??.??"]
[Round "?"]
[White "Tikovsky, Armin"]
[Black "Moldawskij, Boris"]
[Result "0-1"]
[WhiteElo "2140"]
[BlackElo "1985"]

1.d4 Nf6 2.c4 g6 3.Nc3 Bg7 4.e4 d6 5.Nf3 O-O 6.Be2 e5 7.O-O Nc6 8.d5 Ne7
9.Nd2 Ne8 10.b4 a5 11.bxa5 Rxa5 12.Nb3 Ra8 13.Be3 f5 14.f3 f4 15.Bf2 g5 16.c5 Ng6
17.a4 h5 18.a5 Nf6 19.cxd6 cxd6 20.Na4 g4 21.Nb6 gxf3 22.Bxf3 Rb8 23.Bxh5 Nxh5
24.Qxh5 Qf6 25.Nd2 f3 26.Be3 Nf4 27.Bxf4 Qxf4 28.Nxf3 Bg4 29.Qg5 Bxf3 30.Qxf4 exf4
31.gxf3 Bxa1 32.Rxa1 Rf7 33.Kf2 Rh7 34.Rg1+ Kf7 35.Rg4 Rxh2+ 36.Kf1 Rbh8
37.Rxf4+ Ke7 38.Rg4 Ra2 39.Kg1 Rhh2 40.Rg7+ Kf6 41.Rxb7 Rhc2 42.Nd7+ Kg5
43.Rb1 Kf4 44.Nf6 Kg3 45.Nh5+ Kxf3 46.Rf1+ Kxe4 47.Rd1 Rg2+ 48.Kf1 Raf2+
49.Ke1 Ke3  0-1

[Event "Oberliga Bayern9596"]
[Site "Bayern"]
[Date "1996.??.??"]
[Round "?"]
[White "Haag, Wolfgang"]
[Black "Wagner, Anselm"]
[Result "1/2-1/2"]
[WhiteElo "2315"]
[BlackElo "2370"]

1.d4 Nf6 2.c4 g6 3.Nc3 Bg7 4.e4 d6 5.Nf3 O-O 6.Be2 e5 7.O-O Nc6 8.Be3 exd4
9.Nxd4 Nxd4 10.Bxd4 Re8 11.f3 b6 12.Nd5 Bb7 13.Qd2 c6 14.Ne3 Qe7 15.Rfe1 Rad8
16.Rad1 Nh5 17.Bxg7 Kxg7 18.Ng4 Bc8 19.Qd4+ Nf6 20.Ne3 Qe5 21.Rd2 Qxd4 22.Rxd4 Kf8
23.Red1 Ke7 24.g4 h6 25.Kf2 Nh7 26.R4d3 Bb7 27.Ra3 Ra8 28.h4 Nf8 29.h5 Ne6
30.hxg6 fxg6 31.Kg3 c5 32.Bd3 Nd4 33.Rh1 Rh8 34.f4 Kf6 35.Rxh6 Rxh6 36.g5+ Kg7
37.gxh6+ Kxh6 38.e5 dxe5 39.Ng4+ Kg7 40.Nxe5 Nf5+ 41.Bxf5 gxf5 42.Rd3 Be4
43.Rd6 Rh8 44.Rd7+ Kf6 45.Rf7+ Ke6 46.Rxa7 Rg8+ 47.Kh4 Rg2 48.b3 Rf2 49.Kg5 Rg2+
50.Kh6 Rf2 51.Ra6 Rxf4 52.Ng6 Rf2 53.Rxb6+ Kd7 54.a4 f4 55.Ne5+ Kc7 56.Rf6 f3
57.Kg5 Rb2 58.Nxf3 Bb7 59.Rf7+ Kc8 60.Rf5 Kd8 61.Kf6 Rxb3 62.Ng5 Kd7 63.Rxc5 Bc6
64.a5 Rb1 65.Nf7 Rf1+ 66.Rf5 Rc1 67.Rf4 Ra1 68.Ne5+ Kd6 69.Rf5 Bb7 70.Nf7+ Kd7
71.Rb5 Rf1+ 72.Rf5 Ra1 73.Rc5 Rf1+ 74.Rf5 Ra1 75.Ne5+ Kd6 76.Ng6 Be4 77.Rg5 Rf1+
78.Kg7 Bxg6 79.Kxg6 Rc1 80.a6 Rxc4  1/2-1/2

[Event "Beersheba"]
[Site "Beersheba"]
[Date "1996.??.??"]
[Round "7"]
[White "Bykhovsky, Avigdor"]
[Black "Avrukh, Boris"]
[Result "0-1"]
[WhiteElo "2405"]
[BlackElo "2495"]

1.d4 Nf6 2.c4 g6 3.Nc3 Bg7 4.e4 d6 5.Be2 O-O 6.Nf3 e5 7.O-O Nc6 8.d5 Ne7
9.b4 Nh5 10.c5 Nf4 11.Bc4 Kh8 12.Re1 Bg4 13.h3 Bh5 14.Bf1 f5 15.Bxf4 exf4
16.Rc1 a5 17.a3 axb4 18.axb4 Bxf3 19.gxf3 fxe4 20.Rxe4 Nf5 21.Rc4 Qg5+ 22.Kh1 Bxc3
23.R4xc3 Ra2 24.R3c2 Rfa8 25.cxd6 cxd6 26.Rxa2 Rxa2 27.Qe1 Kg7 28.Rc7+ Kh6
29.Rxb7 Qf6 30.Rc7 Qd4 31.Kg1 Ra1 32.Qe8 Qf6 33.Qd7 Qg5+ 34.Kh2 Kh5 35.Qxh7+ Nh6
36.Bg2 Ra2 37.Qe7 Rxf2 38.Qxg5+ Kxg5 39.Kg1 Rb2 40.Rc4 Nf5 41.Re4 Ne3 42.Bh1 Rb1+
43.Kh2 Nf1+ 44.Kg2 Ne3+ 45.Kh2 Rb2+ 46.Kg1 Rb1+ 47.Kh2 Nf1+ 48.Kg2 Ng3 49.h4+ Kf5
50.Re6 Rxh1 51.Rxd6 Rb1 52.Rb6 Rb2+ 53.Kg1 Ne2+ 54.Kf1 Nd4 55.d6 Rd2 56.Rb8 Nxf3
57.b5 Kg4  0-1

[Event "Tan Cup"]
[Site "Beijing"]
[Date "1996.??.??"]
[Round "1"]
[White "Li Wenliang"]
[Black "Gufeld, Eduard"]
[Result "1-0"]
[WhiteElo "2425"]
[BlackElo "2445"]

1.d4 Nf6 2.c4 g6 3.Nc3 Bg7 4.e4 O-O 5.Nf3 d6 6.Be2 e5 7.O-O Nc6 8.d5 Ne7
9.Nd2 c5 10.Rb1 Nd7 11.Nb5 Nb8 12.a3 f5 13.b4 Na6 14.Nb3 b6 15.bxc5 Nxc5
16.Nxc5 bxc5 17.f3 Kh8 18.Bd2 Ng8 19.Qa4 a5 20.Qc2 Nf6 21.Nc3 f4 22.Na4 Nd7
23.Rb5 g5 24.Rfb1 Rg8 25.R1b3 Bf8 26.Be1 Ra7 27.Qc3 g4 28.fxg4 Nf6 29.Bh4 Be7
30.Bxf6+ Bxf6 31.Rb8 Qc7 32.Qb2 Bd8 33.R3b6 Bd7 34.Nc3 Bxg4 35.Bxg4 Rxg4
36.Rxd8+ Qxd8 37.Rb8 Ra8 38.Rxd8+ Rxd8 39.Kf2 Rdg8 40.Kf3 Rh4 41.Ne2 Rxh2
42.Nxf4 Rf8 43.Kg3 Rh6 44.Nh3 Rg6+ 45.Kh2 Rfg8 46.Qf2 a4 47.Qf3 Kg7 48.Qf5 Kh6
49.Qf3 Kg7 50.Nf2 Rf8 51.Qe2 Rb8 52.Ng4 Rb3 53.Ne3 Rxa3 54.Nf5+ Kh8 55.Qd2 Rb3
56.Qa5 Rg8 57.Qxa4 Rb2 58.Nh4 Re2 59.Qd7 Rxe4 60.Nf5 Re2 61.Kh3 Re1 62.g3 Rf1
63.Nxd6 Rgf8 64.Qe7 Rh1+ 65.Kg2 Rff1 66.Nf7+ Kg7 67.Nxe5+ Kg8 68.Nf3  1-0

[Event "Tan Cup"]
[Site "Beijing"]
[Date "1996.??.??"]
[Round "6"]
[White "Stohl, Igor"]
[Black "Atalik, Suat"]
[Result "1-0"]
[WhiteElo "2560"]
[BlackElo "2525"]

1.c4 Nf6 2.Nc3 g6 3.e4 d6 4.d4 Bg7 5.Nf3 O-O 6.Be2 e5 7.O-O Nc6 8.d5 Ne7
9.b4 a5 10.Ba3 axb4 11.Bxb4 b6 12.a4 Ne8 13.Qb3 Bh6 14.Rfd1 f5 15.a5 Nf6
16.axb6 Rxa1 17.Rxa1 cxb6 18.Qa3 fxe4 19.Nxe5 e3 20.f3 Ne8 21.Nc6 Nxc6 22.dxc6 Bf4
23.g3 Be5 24.Rd1 Bg4 25.fxg4 Rf2 26.Re1 Rxh2 27.Ne4  1-0

[Event "Belgrade"]
[Site "Belgrade"]
[Date "1996.??.??"]
[Round "8"]
[White "Sakaev, Konstantin"]
[Black "Delchev, Aleksander"]
[Result "1/2-1/2"]
[WhiteElo "2560"]
[BlackElo "2505"]

1.d4 Nf6 2.c4 g6 3.Nc3 Bg7 4.e4 d6 5.Nf3 O-O 6.Be2 e5 7.O-O Nc6 8.d5 Ne7
9.Nd2 a5 10.a3 Nd7 11.Rb1 f5 12.b4 Kh8 13.f3 axb4 14.axb4 c6 15.Kh1 Nf6 16.Bb2 g5
17.dxc6 Nxc6 18.Nb5 Qe7 19.Qb3 Rd8 20.exf5 Bxf5 21.Rbe1 Rac8 22.Ba3 Be6 23.Qe3 h6
24.Ne4 Nxe4 25.Qxe4 d5 26.cxd5 Bxd5 27.Qg6 Qf7 28.Qb1 Ba2 29.Qe4 Be6 30.Bd3 Rxd3
31.Qxd3 Bc4 32.Nd6 Bxd3 33.Nxf7+ Kg8 34.Nd6 Ra8 35.b5 Bxf1 36.bxc6 bxc6 37.Rxf1 Rxa3
38.Rc1 e4 39.fxe4 Bf8 40.Nc4 Ra2 41.g3 Re2 42.Ne5 Rxe4 43.Nxc6  1/2-1/2

[Event "Benasque op"]
[Site "Benasque"]
[Date "1996.??.??"]
[Round "2"]
[White "Laurisen"]
[Black "Delchev, Aleksander"]
[Result "0-1"]
[WhiteElo "2175"]
[BlackElo "2510"]

1.c4 g6 2.e4 Bg7 3.d4 d6 4.Nc3 Nf6 5.Nf3 O-O 6.Be2 e5 7.O-O Nc6 8.d5 Ne7
9.b4 Nh5 10.c5 Nf4 11.Bxf4 exf4 12.Rc1 h6 13.Nd4 Kh8 14.Re1 Ng8 15.a4 a6
16.Qd2 Qf6 17.Nf3 g5 18.g3 fxg3 19.hxg3 Qg6 20.Kg2 f5 21.exf5 Qxf5 22.Qe3 Nf6
23.Rh1 Ng4 24.Qd2 Bd7 25.Rcf1 Rae8 26.Nxg5 Ne3+ 27.fxe3 Qxg5 28.Rxf8+ Rxf8
29.Ne4 Qg6 30.Rh4 Bf5 31.Nf2 Bf6 32.Bh5 Qg7 33.Rh1 Be5 34.g4 Bh7 35.e4 Bd4
36.Nd3 Bxe4+ 37.Kh3 Rf3+ 38.Kh2  0-1

[Event "Benasque op"]
[Site "Benasque"]
[Date "1996.??.??"]
[Round "9"]
[White "Lalic, Bogdan"]
[Black "Gonzalez Garcia, Jose"]
[Result "0-1"]
[WhiteElo "2565"]
[BlackElo "2460"]

1.Nf3 Nf6 2.c4 g6 3.Nc3 Bg7 4.e4 d6 5.d4 O-O 6.Be2 e5 7.O-O Nc6 8.d5 Ne7
9.b4 a5 10.bxa5 c5 11.Nd2 Rxa5 12.Nb3 Ra6 13.a4 Nd7 14.Be3 f5 15.f3 f4 16.Bf2 g5
17.g4 fxg3 18.hxg3 Ng6 19.Be1 h5 20.Rf2 Nf6 21.Bd2 h4 22.g4 Nf4 23.Kh2 Bd7
24.Be1 Rf7 25.Nd2 Qc8 26.Ra3 Bf8 27.Nf1 Be7 28.Ne3 Bd8 29.Nb5 Qb8 30.a5 Ne8
31.Bf1 Qa8 32.Qa1 Ng6 33.Bd3 b6 34.Rfa2 bxa5 35.Be2 Nf4 36.Bd1 Kh7 37.Bxa5 Bxa5
38.Rxa5 Rxa5 39.Rxa5 Qd8 40.Ra7 Qf6 41.Nc3 Nh5 42.Nf5 Bxf5 43.exf5 Ng3 44.Nb5 Rxa7
45.Qxa7+ Ng7 46.Qb8 e4 47.Nxd6 Qd4 48.Nxe4 Nxe4 49.fxe4 Qd2+ 50.Kh3 Qxd1
51.Kh2 Qe2+  0-1

[Event "Berliner Sommer"]
[Site "Berlin"]
[Date "1996.??.??"]
[Round "2"]
[White "Grabliauskas, Virginijus"]
[Black "Zatulovskaya, Tatiana"]
[Result "1-0"]
[WhiteElo "2430"]
[BlackElo "2200"]

1.d4 Nf6 2.c4 g6 3.Nc3 Bg7 4.e4 d6 5.Nf3 O-O 6.Be2 e5 7.O-O Nc6 8.d5 Ne7
9.Ne1 Nd7 10.Be3 f5 11.f3 f4 12.Bf2 g5 13.a4 Ng6 14.a5 Nf6 15.c5 h5 16.cxd6 cxd6
17.Nb5 a6 18.Bb6 Qe7 19.Nc7 Rb8 20.Rc1 Bd7 21.Ne6 Bxe6 22.dxe6 Rbc8 23.Bc4 g4
24.Nd3 Kh7 25.Nb4 Bh6 26.Kh1 Nh4 27.Qe1 Bg5 28.Qe2 Bh6 29.b3 Rg8 30.Nd5 Nxd5
31.exd5 Kh8 32.Bd3 Qg7 33.Rc4 Rxc4 34.bxc4 Qe7 35.Rg1 Qg7 36.Rc1 Qe7 37.c5 gxf3
38.gxf3 Rg2 39.cxd6 Qf6 40.Qe4  1-0